000 00431nam a2200181Ia 4500
008 180207s9999 xx 000 0 und d
020 _a9780439800020
050 _bW678 2006
100 _aWilhelm, Hans.
245 4 _aThe Lord is my Shepherd /
245 _cHans Wilhelm.
260 _aNew York :
260 _bScholastic,
260 _c2006
300 _aunpaged :
300 _bcolor illustration ;
300 _c26cm.
999 _c355435
_d355435